Normal view
MARC view
- Parmar, B S
Entry Personal Name
001 - CONTROL NUMBER
- control field: 5767
003 - CONTROL NUMBER IDENTIFIER
- control field: OSt
005 - DATE AND TIME OF LATEST TRANSACTION
- control field: 20240123143825.0
008 - FIXED-LENGTH DATA ELEMENTS
- fixed length control field: 240123|| aca||aabn | a|a d
040 ## - CATALOGING SOURCE
- Original cataloging agency: OSt
- Transcribing agency: OSt
100 ## - HEADING--PERSONAL NAME
- Personal name: Parmar, B S
670 ## - SOURCE DATA FOUND
- Source citation: Work cat.: (OSt)10984: Walia, S . 5766, Pesticides,crop protection and environment / , 1995.
